000 00743nam a2200229 a 4500
001 43978
003 BD-RjUL
005 20211209053759.0
008 160712s1954 ii ||||| |||| 00| f ben d
020 _c: Tk. 2.00
035 _a(BD-RjUL)44096
040 _aBD-RjUL
_bben
_cBD-RjUL
041 _aben
082 _223
_a891.443
_bBAA 1954
100 _a বসু, বুদ্ধদেব
_9135088
245 1 0 _aআমার বন্ধু /
_cবুদ্ধদেব বসু
260 _aকলিকাতা :
_bজিজ্ঞাসা,
_c১৯৫৪
300 _a[৪], ৯৯ পৃ. ;
_c১৮ সেমি.
650 _aবাংলা উপন্যাস
_9135089
650 _aBengali Fiction
_9135090
942 _2ddc
_cBK
999 _c43978
_d43978